African traditional religion in biblical perspective / (Record no. 10492)
[ view plain ]
| 000 -LEADER | |
|---|---|
| fixed length control field | 00578cam a22002052 4500 |
| 001 - CONTROL NUMBER | |
| control field | 0000000596 |
| 005 - DATE AND TIME OF LATEST TRANSACTION | |
| control field | 20151217154326.0 |
| 008 - FIXED-LENGTH DATA ELEMENTS--GENERAL INFORMATION | |
| fixed length control field | 070213s xx 000 0 eng d |
| 020 ## - INTERNATIONAL STANDARD BOOK NUMBER | |
| Terms of availability | KES |
| 040 ## - CATALOGING SOURCE | |
| Original cataloging agency | KABU |
| Transcribing agency | KABU |
| 050 #0 - LIBRARY OF CONGRESS CALL NUMBER | |
| Classification number | BR128 |
| Item number | .A16G44 2005 |
| 100 1# - MAIN ENTRY--PERSONAL NAME | |
| Personal name | Gehman, Richard J. |
| -- | 0000148833 |
| 245 10 - TITLE STATEMENT | |
| Title | African traditional religion in biblical perspective / |
| Statement of responsibility, etc. | Richard J. Gehman. |
| 250 ## - EDITION STATEMENT | |
| Edition statement | rev. ed. |
| 260 ## - PUBLICATION, DISTRIBUTION, ETC. (IMPRINT) | |
| Place of publication, distribution, etc. | Nairobi : |
| Name of publisher, distributor, etc. | EAEP, |
| Date of publication, distribution, etc. | 2005. |
| 300 ## - PHYSICAL DESCRIPTION | |
| Extent | xvi, 424 p. |
| 908 ## - PUT COMMAND PARAMETER (RLIN) | |
| Put command parameter | 070213 |
| 950 ## - LOCAL HOLDINGS (RLIN) | |
| -- | 1 |
| Withdrawn status | Lost status | Source of classification or shelving scheme | Not for loan | Home library | Current library | Date acquired | Total Checkouts | Full call number | Barcode | Date last seen | Date last checked out | Price effective from | Koha item type |
|---|---|---|---|---|---|---|---|---|---|---|---|---|---|
| Library of Congress Classification | Kabarak, Main Campus | Kabarak, Main Campus | 17/12/2015 | 2 | BR128 .A16G44 2005 c. 3 | 010365 | 02/08/2024 | 22/08/2019 | 17/12/2015 | General Collection |